<?xml version="1.0" encoding="UTF-8"?>
<record
    xmlns:xsi="http://www.w3.org/2001/XMLSchema-instance"
    xsi:schemaLocation="http://www.loc.gov/MARC21/slim http://www.loc.gov/standards/marcxml/schema/MARC21slim.xsd"
    xmlns="http://www.loc.gov/MARC21/slim">

  <leader>01435namaa22003371i 4500</leader>
  <controlfield tag="003">EG-GICUC</controlfield>
  <controlfield tag="005">20260514124555.0</controlfield>
  <controlfield tag="008">260514s2003    ua ||||jr|||| 000 0 ara d</controlfield>
  <datafield tag="017" ind1=" " ind2=" ">
    <subfield code="a">2003 / 8069</subfield>
    <subfield code="b">&#x62F;&#x627;&#x631; &#x627;&#x644;&#x643;&#x62A;&#x628; &#x648; &#x627;&#x644;&#x648;&#x62B;&#x627;&#x62B;&#x642; &#x627;&#x644;&#x642;&#x648;&#x645;&#x64A;&#x629; (&#x645;&#x635;&#x631;)</subfield>
  </datafield>
  <datafield tag="020" ind1=" " ind2=" ">
    <subfield code="a">9773054268</subfield>
  </datafield>
  <datafield tag="040" ind1=" " ind2=" ">
    <subfield code="a">EG-GiCUC</subfield>
    <subfield code="b">ara</subfield>
    <subfield code="c">EG-GiCUC</subfield>
    <subfield code="d">EG-GiCUC</subfield>
    <subfield code="e">rda</subfield>
  </datafield>
  <datafield tag="082" ind1="0" ind2="4">
    <subfield code="2">21</subfield>
    <subfield code="a">811.009</subfield>
    <subfield code="b">S537sh 2003</subfield>
  </datafield>
  <datafield tag="092" ind1="0" ind2="4">
    <subfield code="2">21</subfield>
    <subfield code="a">811.009</subfield>
    <subfield code="b">S537sh 2003</subfield>
  </datafield>
  <datafield tag="099" ind1=" " ind2=" ">
    <subfield code="a">811.009 S537sh 2003</subfield>
  </datafield>
  <datafield tag="100" ind1="1" ind2=" ">
    <subfield code="a">&#x635;&#x628;&#x631;&#x649;&#x60C; &#x645;&#x62D;&#x645;&#x62F;&#x60C;</subfield>
    <subfield code="d">1894-1978</subfield>
    <subfield code="e">&#x645;&#x624;&#x644;&#x641;.</subfield>
  </datafield>
  <datafield tag="245" ind1="1" ind2="2">
    <subfield code="a">&#x627;&#x644;&#x634;&#x648;&#x642;&#x64A;&#x627;&#x62A; &#x627;&#x644;&#x645;&#x62C;&#x647;&#x648;&#x644;&#x629; : </subfield>
    <subfield code="b">&#x627;&#x62B;&#x627;&#x631; &#x634;&#x648;&#x642;&#x649; &#x627;&#x644;&#x62A;&#x649; &#x644;&#x645; &#x64A;&#x633;&#x628;&#x642; &#x643;&#x634;&#x641;&#x647;&#x627; &#x627;&#x648; &#x646;&#x634;&#x631;&#x647;&#x627; : &#x62F;&#x631;&#x627;&#x633;&#x627;&#x62A; &#x648; &#x627;&#x636;&#x648;&#x627;&#x621; &#x62C;&#x62F;&#x64A;&#x62F;&#x629; &#x639;&#x644;&#x649; &#x62D;&#x64A;&#x627;&#x647; &#x627;&#x644;&#x634;&#x627;&#x639;&#x631; &#x648; &#x639;&#x635;&#x631;&#x647; &#x648; &#x627;&#x62F;&#x628;&#x647;   / </subfield>
    <subfield code="c">&#x645;&#x62D;&#x645;&#x62F; &#x635;&#x628;&#x631;&#x649;.</subfield>
  </datafield>
  <datafield tag="250" ind1=" " ind2=" ">
    <subfield code="a">&#x627;&#x644;&#x637;&#x628;&#x639;&#x629; &#x627;&#x644;&#x62A;&#x627;&#x646;&#x64A;&#x629;</subfield>
  </datafield>
  <datafield tag="264" ind1=" " ind2=" ">
    <subfield code="a">&#x627;&#x644;&#x642;&#x627;&#x647;&#x631;&#x629; : </subfield>
    <subfield code="b">&#x627;&#x644;&#x647;&#x64A;&#x626;&#x629; &#x627;&#x644;&#x639;&#x627;&#x645;&#x629; &#x644;&#x642;&#x635;&#x648;&#x631; &#x627;&#x644;&#x62B;&#x642;&#x627;&#x641;&#x629;&#x60C; </subfield>
    <subfield code="c">2003.</subfield>
  </datafield>
  <datafield tag="300" ind1=" " ind2=" ">
    <subfield code="a">2&#x645;&#x62C;&#x644;&#x62F;</subfield>
    <subfield code="b">&#x61B;</subfield>
    <subfield code="c">24 &#x633;&#x645;</subfield>
  </datafield>
  <datafield tag="336" ind1=" " ind2=" ">
    <subfield code="2">rdacontent</subfield>
    <subfield code="a">text</subfield>
  </datafield>
  <datafield tag="337" ind1=" " ind2=" ">
    <subfield code="2">rdamedia</subfield>
    <subfield code="a">Unmediated</subfield>
  </datafield>
  <datafield tag="338" ind1=" " ind2=" ">
    <subfield code="2">rdacarrier</subfield>
    <subfield code="a">volume</subfield>
  </datafield>
  <datafield tag="490" ind1=" " ind2=" ">
    <subfield code="a">&#x630;&#x627;&#x643;&#x631;&#x629; &#x627;&#x644;&#x643;&#x62A;&#x627;&#x628;&#x629; &#x61B;</subfield>
    <subfield code="v">40</subfield>
  </datafield>
  <datafield tag="504" ind1=" " ind2=" ">
    <subfield code="a">&#x64A;&#x634;&#x62A;&#x645;&#x644; &#x639;&#x644;&#x649; &#x627;&#x631;&#x62C;&#x627;&#x639;&#x627;&#x62A; &#x628;&#x628;&#x644;&#x64A;&#x648;&#x62C;&#x631;&#x627;&#x641;&#x64A;&#x629;.</subfield>
  </datafield>
  <datafield tag="541" ind1=" " ind2=" ">
    <subfield code="a">&#x62F; . &#x62C;&#x627;&#x628;&#x631; &#x639;&#x635;&#x641;&#x648;&#x631; &#x61B;</subfield>
    <subfield code="b">&#x627;&#x644;&#x642;&#x627;&#x647;&#x631;&#x629; &#x61B;</subfield>
    <subfield code="c">&#x625;&#x647;&#x62F;&#x627;&#x621; &#x61B;</subfield>
    <subfield code="d">2024.</subfield>
  </datafield>
  <datafield tag="600" ind1=" " ind2=" ">
    <subfield code="a">&#x634;&#x648;&#x642;&#x649;&#x60C; &#x627;&#x62D;&#x645;&#x62F;&#x60C; </subfield>
    <subfield code="d"> 1868-1932</subfield>
  </datafield>
  <datafield tag="650" ind1="1" ind2=" ">
    <subfield code="a">&#x627;&#x644;&#x634;&#x639;&#x631; &#x627;&#x644;&#x639;&#x631;&#x628;&#x649;</subfield>
    <subfield code="x">&#x62A;&#x627;&#x631;&#x64A;&#x62E; &#x648; &#x646;&#x642;&#x62F;</subfield>
    <subfield code="2">qrmak</subfield>
  </datafield>
  <datafield tag="651" ind1="1" ind2=" ">
    <subfield code="2">qrmak</subfield>
  </datafield>
  <datafield tag="905" ind1=" " ind2=" ">
    <subfield code="a">Noha</subfield>
  </datafield>
  <datafield tag="942" ind1=" " ind2=" ">
    <subfield code="2">ddc</subfield>
    <subfield code="c">BK</subfield>
    <subfield code="e">21</subfield>
    <subfield code="n">0</subfield>
  </datafield>
  <datafield tag="999" ind1=" " ind2=" ">
    <subfield code="c">180155</subfield>
    <subfield code="d">180155</subfield>
  </datafield>
  <datafield tag="952" ind1=" " ind2=" ">
    <subfield code="0">0</subfield>
    <subfield code="1">0</subfield>
    <subfield code="2">ddc</subfield>
    <subfield code="4">0</subfield>
    <subfield code="7">1</subfield>
    <subfield code="a">CUCL</subfield>
    <subfield code="b">cl410</subfield>
    <subfield code="d">2026-05-14</subfield>
    <subfield code="i">175443</subfield>
    <subfield code="l">0</subfield>
    <subfield code="o">811.009 S537sh 2003 v.1 J.U.</subfield>
    <subfield code="p">01000100175443001</subfield>
    <subfield code="r">2026-05-14 11:47:27</subfield>
    <subfield code="w">2026-05-14</subfield>
    <subfield code="y">BK</subfield>
  </datafield>
  <datafield tag="952" ind1=" " ind2=" ">
    <subfield code="0">0</subfield>
    <subfield code="1">0</subfield>
    <subfield code="2">ddc</subfield>
    <subfield code="4">0</subfield>
    <subfield code="7">1</subfield>
    <subfield code="a">CUCL</subfield>
    <subfield code="b">cl410</subfield>
    <subfield code="d">2026-05-14</subfield>
    <subfield code="i">175443</subfield>
    <subfield code="l">0</subfield>
    <subfield code="o">811.009 S537sh 2003 v.2 J.U.</subfield>
    <subfield code="p">01000100175443002</subfield>
    <subfield code="r">2026-05-14 11:49:34</subfield>
    <subfield code="w">2026-05-14</subfield>
    <subfield code="y">BK</subfield>
  </datafield>
</record>
